|
|
|
|
| LEADER |
00000nam0a2200000 4500 |
| 001 |
97561 |
| 005 |
20231031110949.0 |
| 010 |
|
|
|a 502003147X
|
| 035 |
|
|
|a (RuTPU)RU\TPU\book\104589
|
| 090 |
|
|
|a 97561
|
| 100 |
|
|
|a 20060531d1991 k y0rusy50 ca
|
| 101 |
0 |
|
|a rus
|
| 102 |
|
|
|a RU
|
| 105 |
|
|
|a y z 001zy
|
| 200 |
1 |
|
|a Проблемы геохимической экологии
|f под ред. В. В. Ермакова, Н. И. Коновой
|
| 210 |
|
|
|a Москва
|c Наука
|d 1991
|
| 215 |
|
|
|a 184 с.
|
| 225 |
1 |
|
|a Труды биогеохимической экологии
|v Т. 22
|
| 320 |
|
|
|a Библиогр. в конце ст.
|
| 610 |
1 |
|
|a геохимия
|
| 610 |
1 |
|
|a геохимическая экология
|
| 610 |
1 |
|
|a микроэлементы
|
| 610 |
1 |
|
|a организмы
|
| 675 |
|
|
|a 550.47
|v 3
|
| 702 |
|
1 |
|a Ермаков
|b В. В.
|4 340
|
| 702 |
|
1 |
|a Конова
|b Н. И.
|4 340
|
| 801 |
|
1 |
|a RU
|b 63413507
|c 20060531
|g PSBO
|
| 801 |
|
2 |
|a RU
|b 63413507
|c 20070429
|g PSBO
|
| 942 |
|
|
|c BK
|